=LDR 00000nam 2200000 4500 =001 INLIS000000000008941 =005 20130612100751 =008 ***********************************Ind** =035 ##$$0010-061300000008941 =041 ##$$a Ind =082 ##$$a 659.2 =090 ##$$a 659.2, Kus d =100 ##$$a Kusumastuti, Frida =245 ##$$a Dasar - Dasar Hubungan Masyarakat, Frida Kusumastuti =260 ##$$a 2001 $b Jakarta =300 ##$$a 95 hlm, 25 cm =650 ##$$a Hubungan Masyarakat =850 ##$$a NBPNMAT